000 00687nam a2200193 a 4500
005 20220628115824.0
008 081107s1998 mx r 000 0 spa d
020 _a9586017672
035 _aUPN01000165467
049 _aCG
050 4 _aLA541
_bE3.82
245 0 0 _aEducación :
_bla agenda del siglo XXI : hacia un desarrollo humano /
_cdir. Hernando Gómez Buendía ; pról. de Carlos Fuentes.
260 _aColombia :
_bPNUD :
_bTM,
_c1998.
300 _axxxvi, 366 p. :
_bil.
650 4 _aEDUCACION -
_xFINES Y OBJETIVOS -
_zAMERICA LATINA
_916122
650 2 _aEducación
_xAspectos sociales
_zAmérica Latina
_97142
700 1 _aGómez Buendía, Hernando,
_edir.
905 _aLibro
999 _c137579
_d137579